El derecho de las minorías étnicas a la consulta previa (Registro nro. 240929)

Detalles MARC
000 -ENCABEZADO
Número de control [NR] 01071 a2200229 4500
005 - FECHA Y HORA DE LA ÚLTIMA TRANSACCIÓN
control field 20140903175100.0
008 - DE LONGITUD FIJA DE DATOS DE ELEMENTOS - INFORMACIÓN GENERAL
Elementos de longitud fija [NR] 140422s2012 ck o fr|||| 00| 0 spa d
020 ## - NUMERO INTERNACIONAL NORMALIZADO PARA LIBROS [R]
Número Internacional Normalizado del libro [NR] [sin ISBN]
040 ## - FUENTE DE CATALOGACION [NR]
Agencia de catalogación original [NR] CO-BoUCM
Idioma de catalogación [NR] spa
Quien Cataloga Jose A. Gerena
Quien Clasifica Jose A. Gerena
041 ## - CODIGO DE IDIOMA [R]
Código de idioma para texto/pista de sonido o título separado [R] Español
111 2# - ASIENTO PRINCIPAL--NOMBRE DE REUNION [NR]
Nombre de reunión o de jurisdicción como elemento de entrada [NR] El derecho de las minorías étnicas a la consulta previa. Retos y perspectivas
Lugar de la reunión [NR] Archivo General de la Nación, Bogotá
Fecha de la reunión [NR] 5 y 6 de Diciembre de 2012
9 (RLIN) 60078
245 ## - MENCION DE TITULO [NR]
Título [NR] El derecho de las minorías étnicas a la consulta previa
Mención de responsabilidad, etc. [NR] memorias del seminario
260 ## - PUBLICACION, DISTRIBUCION, ETC. (PIE DE IMPRENTA) [R]
Fecha de publicación, distribución, etc. [R] 2013
Lugar de publicación, distribución, etc. [R] Bogotá (Colombia)
Nombre del editor, distribuidor, etc. [R] Consejo de Estado
-- Ministerio del Interior
300 ## - DESCRIPCION FISICA [R]
Extensión [R] 137 páginas
650 #7 - ASIENTO SECUNDARIO DE MATERIA - TERMINO TEMATICO [R]
9 (RLIN) 12857
Término temático o nombre geográfico como elemento de entrada [NR] Derechos civiles
Subdivisión general [R] Aspectos sociales
Subdivisión geográfica [R] Colombia
Subdivisión de forma [R] Congresos, conferencias, etc
650 #7 - ASIENTO SECUNDARIO DE MATERIA - TERMINO TEMATICO [R]
9 (RLIN) 19582
Término temático o nombre geográfico como elemento de entrada [NR] Minorías
Subdivisión general [R] Aspectos jurídicos
Subdivisión geográfica [R] Colombia
Subdivisión de forma [R] Congresos, conferencias, etc
690 ## - ASUNTO AGREGADO LOCAL DE ENTRADA - TÉRMINO TEMÁTICO (OCLC, RLIN)
9 (RLIN) 42766
Acceso temático local Derecho civil
710 1# - ASIENTO SECUNDARIO - NOMBRE CORPORATIVO [R]
Nombre corporativo o de jurisdicción como elemento de entrada [NR] Colombia
Unidad subordinada [R] Consejo de Estado
9 (RLIN) 4021
710 1# - ASIENTO SECUNDARIO - NOMBRE CORPORATIVO [R]
Nombre corporativo o de jurisdicción como elemento de entrada [NR] Colombia
Unidad subordinada [R] Ministerio del Interior
9 (RLIN) 56618
942 ## - ELEMENTOS DE ENTRADA AGREGADOS (KOHA)
Tema principal Derecho
Tipo de ítem principal el descrito en 300a Libro
Edición 1
Parte restante de la signatura top. D431
Sistema de clasificación DEWEY
Clasificación 342.08503
Existencias
Fecha de último préstamo Total préstamos Total Renewals Signatura topográfica Código de barras Última vez visto Ejemplar Costo de reposición Price effective from Tipo de ítem Perdido Sistema de clasificación Dañado No prestable Tipo de ítem específico Suprimido Ubicación habitual Ubicación actual Localización Fecha de creación Proveedor Forma de adquisición Costo
01/06/2023 9 2 342.08503 D431 100142108 12/06/2026 Ej.1 26000.00 11/04/2014 Libro   DEWEY     Libro   Claustro Claustro 3er piso 11/04/2014 12 Donación 0.00
28/04/2023 14 9 342.08503 D431 100142109 12/06/2026 Ej.2 26000.00 11/04/2014 Libro   DEWEY     Libro   Claustro Claustro 3er piso 11/04/2014 12 Donación 0.00